[Event "Titled Tuesday intern op 06th Feb Early"]
[Site "Chess.com INT"]
[Date "2024.02.06"]
[Round "8"]
[White "Velikanov, Alexander"]
[Black "Ju, Wenjun"]
[Result "0-1"]
[WhiteElo "2387"]
[BlackElo "2559"]
[PlyCount "124"]
[EventDate "2024.02.06"]
[EventType "swiss (blitz)"]
[EventRounds "11"]
[EventCountry "USA"]
[SourceTitle "CB07_2024"]
[SourceDate "2024.02.14"]
[SourceVersion "1"]
[SourceVersionDate "2024.02.14"]
[SourceQuality "1"]

1. e4 c5 2. c3 Nf6 3. e5 Nd5 4. Nf3 d6 5. exd6 Qxd6 6. d4 cxd4 7. cxd4 g6 8. Be2 Bg7 9. 0-0 0-0 10. Nc3 Nc6 11. Ne4 Qc7 12. Be3 Rd8 13. Rc1 Bf5 14. Nc5 Rac8 15. Qb3 b6 16. Na6 Qb7 17. Qa4 Bd7 18. Bb5 Nf6 19. Rfd1 e6 20. Bf4 Nd5 21. Bg3 Na5 22. Bxd7 Rxd7 23. Rxc8+ Qxc8 24. Nc5 bxc5 25. Qxa5 cxd4 26. h4 Nb6 27. Qd2 d3 28. Rc1 Qd8 29. Be5 h6 30. Bxg7 Kxg7 31. Rd1 Rd5 32. Qc3+ Qf6 33. Rxd3 Rxd3 34. Qxd3 Qxb2 35. Qa6 Qc1+ 36. Kh2 Qf4+ 37. Kg1 Qc7 38. Qa3 Nd5 39. Qb2+ Qc3 40. Qb8 a5 41. Ne5 Qe1+ 42. Kh2 Qxf2 43. Nf3 Qe3 44. Qd6 Qf4+ 45. Qxf4 Nxf4 46. Nd4 Nd5 47. a3 Kf6 48. Kg3 a4 49. Kf3 Nb6 50. Nb5 Ke5 51. Ke3 f5 52. g3 g5 53. h5 Nd5+ 54. Kd3 f4 55. g4 Nf6 56. Nc3 Nxg4 57. Nxa4 f3 58. Nc3 Kf4 59. a4 Kg3 60. a5 Kg2 61. Ke4 f2 62. Nd1 f1Q 0-1

[Event "Wch Blitz (Women)"]
[Site "Samarkand"]
[Date "2023.12.30"]
[Round "12"]
[White "Pourkashiyan, Atousa"]
[Black "Ju, Wenjun"]
[Result "0-1"]
[WhiteElo "2259"]
[BlackElo "2560"]
[PlyCount "124"]
[EventDate "2023.12.29"]
[EventType "swiss (blitz)"]
[EventRounds "17"]
[EventCountry "UZB"]
[SourceTitle "CB01_2024"]
[SourceDate "2024.01.03"]
[SourceVersion "1"]
[SourceVersionDate "2024.01.03"]
[SourceQuality "1"]

1. e4 e5 2. Nf3 Nc6 3. Bb5 Nf6 4. d3 Bc5 5. 0-0 Nd4 6. Nxd4 Bxd4 7. c3 Bb6 8. Bc4 c6 9. Nd2 d5 10. exd5 cxd5 11. Bb5+ Bd7 12. Bxd7+ Nxd7 13. d4 0-0 14. dxe5 Nxe5 15. Nf3 Re8 16. Nxe5 Rxe5 17. Bf4 Re6 18. Qd3 Qd7 19. Rad1 Rd8 20. Bg5 f6 21. Bf4 Re7 22. h3 Qe6 23. Qf3 Qe4 24. Qg3 Qf5 25. Rd2 Rde8 26. Qf3 Re4 27. Bg3 Qxf3 28. gxf3 Re2 29. Rfd1 Rxd2 30. Rxd2 Rd8 31. Bf4 a6 32. Be3 Bc7 33. b3 Kf7 34. Kf1 Ke6 35. Ke2 g6 36. Kd3 Kf5 37. Rd1 Be5 38. Rg1 Rc8 39. Bd2 Rc6 40. h4 Rc8 41. Rh1 h5 42. Rg1 Rd8 43. Be3 Bc7 44. Rd1 Be5 45. Rg1 Rg8 46. Kc2 Rc8 47. Bd2 Bxc3 48. Bxc3 d4 49. Kd3 dxc3 50. Rc1 c2 51. Kd2 g5 52. hxg5 fxg5 53. b4 h4 54. a4 h3 55. b5 axb5 56. axb5 Kf4 57. b6 Rc6 58. Kd3 Kxf3 59. Kd2 h2 60. Rh1 c1Q+ 61. Rxc1 Rxc1 62. Kxc1 h1Q+ 0-1

[Event "Tata Steel India blitz (Women)"]
[Site "Kolkata"]
[Date "2023.09.04"]
[Round "15"]
[White "Ju, Wenjun"]
[Black "Harika, Dronavalli"]
[Result "1/2-1/2"]
[WhiteElo "2568"]
[BlackElo "2500"]
[PlyCount "72"]
[EventDate "2023.09.03"]
[EventType "tourn (blitz)"]
[EventRounds "18"]
[EventCountry "IND"]
[EventCategory "9"]
[SourceTitle "EXT 2024"]
[Source "ChessBase"]
[SourceDate "2023.10.10"]
[SourceVersion "1"]
[SourceVersionDate "2023.10.10"]
[SourceQuality "1"]

1. d4 Nf6 2. c4 g6 3. Nf3 Bg7 4. g3 0-0 5. Bg2 d6 6. 0-0 Nc6 7. Nc3 e5 8. dxe5 dxe5 9. Bg5 h6 10. Qxd8 Rxd8 11. Bxf6 Bxf6 12. Nd5 Kg7 13. Nxc7 Rb8 14. e4 Be6 15. b3 a5 16. Rfd1 Be7 17. h3 Bc5 18. Nd5 f6 19. Ne1 Nd4 20. Nd3 b6 21. Kf1 Bg8 22. Rab1 Ba3 23. f4 Bd6 24. Nxb6 exf4 25. gxf4 Nc2 26. Ke2 Rxb6 27. c5 Rbb8 28. cxd6 Rxd6 29. Rbc1 Nd4+ 30. Ke3 Rbd8 31. e5 fxe5 32. fxe5 Nf5+ 33. Ke2 Ng3+ 34. Ke3 Nf5+ 35. Ke2 Ng3+ 36. Ke3 Nf5+ 1/2-1/2

[Event "Tata Steel India blitz (Women)"]
[Site "Kolkata"]
[Date "2023.09.04"]
[Round "14"]
[White "Shuvalova, Polina"]
[Black "Ju, Wenjun"]
[Result "0-1"]
[WhiteElo "2496"]
[BlackElo "2568"]
[PlyCount "102"]
[EventDate "2023.09.03"]
[EventType "tourn (blitz)"]
[EventRounds "18"]
[EventCountry "IND"]
[EventCategory "9"]
[SourceTitle "EXT 2024"]
[Source "ChessBase"]
[SourceDate "2023.10.10"]
[SourceVersion "1"]
[SourceVersionDate "2023.10.10"]
[SourceQuality "1"]

1. e4 e5 2. Nc3 Nf6 3. d4 exd4 4. Qxd4 Nc6 5. Qd3 Bc5 6. Bf4 d6 7. 0-0-0 0-0 8. f3 Be6 9. Kb1 a6 10. h4 Nd7 11. h5 b5 12. h6 g6 13. g4 Nb6 14. Nh3 f6 15. Qd2 Bb4 16. Qe3 Ne5 17. b3 Bc5 18. Qe2 b4 19. Nd5 c6 20. Ne3 a5 21. Bg2 a4 22. g5 Qc7 23. gxf6 axb3 24. cxb3 Qa7 25. Qb2 Rxf6 26. Bg5 Rf7 27. f4 Bxh3 28. Bxh3 Bxe3 29. fxe5 Bxg5 30. Be6 Re8 31. Bxf7+ Qxf7 32. exd6 Bf6 33. Qc2 Qe6 34. Rhf1 Bh8 35. Qxc6 Qe5 36. Rd4 Rc8 37. Qxb6 Qxd4 38. Qxd4 Bxd4 39. Rd1 Bf6 40. Rd5 Kf7 41. e5 Bg5 42. Rb5 Ke6 43. Rb7 Bf4 44. Re7+ Kd5 45. d7 Rd8 46. e6 Bg5 47. Rxh7 Kxe6 48. Rg7 Kf5 49. Rf7+ Bf6 50. h7 Ke6 51. h8Q Rxh8 0-1

[Event "Tata Steel India rapid (Women)"]
[Site "Kolkata"]
[Date "2023.09.02"]
[Round "8"]
[White "Savitha Shri, B."]
[Black "Ju, Wenjun"]
[Result "0-1"]
[WhiteElo "2375"]
[BlackElo "2568"]
[PlyCount "78"]
[EventDate "2023.08.31"]
[EventType "tourn (rapid)"]
[EventRounds "9"]
[EventCountry "IND"]
[EventCategory "9"]
[SourceTitle "EXT 2024"]
[Source "ChessBase"]
[SourceDate "2023.10.10"]
[SourceVersion "1"]
[SourceVersionDate "2023.10.10"]
[SourceQuality "1"]

1. e4 e5 2. d4 exd4 3. Qxd4 Nc6 4. Qd3 Nf6 5. Nc3 Bb4 6. Bd2 0-0 7. 0-0-0 Re8 8. Nge2 d6 9. Bg5 h6 10. Bxf6 Qxf6 11. Nd5 Qd8 12. Nxb4 Nxb4 13. Qf3 Nxa2+ 14. Kb1 Nb4 15. Nd4 Nc6 16. Nxc6 bxc6 17. Qc3 Bd7 18. Bd3 a5 19. f4 Qb8 20. Rhe1 Qb4 21. Qxb4 axb4 22. h3 Re7 23. Kc1 Rae8 24. Re2 c5 25. Rde1 Bc6 26. b3 Kf8 27. Kd2 g5 28. g3 Kg7 29. Re3 f6 30. h4 Bd7 31. Bc4 c6 32. R1e2 Bg4 33. Re1 Bh5 34. hxg5 hxg5 35. Rh1 Bg6 36. f5 Bxf5 37. Bd3 Bxe4 38. Rhe1 d5 39. g4 Kf7 0-1

[Event "Tata Steel India rapid (Women)"]
[Site "Kolkata"]
[Date "2023.09.01"]
[Round "4"]
[White "Vantika, Agrawal"]
[Black "Ju, Wenjun"]
[Result "0-1"]
[WhiteElo "2430"]
[BlackElo "2568"]
[PlyCount "100"]
[EventDate "2023.08.31"]
[EventType "tourn (rapid)"]
[EventRounds "9"]
[EventCountry "IND"]
[EventCategory "9"]
[SourceTitle "EXT 2024"]
[Source "ChessBase"]
[SourceDate "2023.10.10"]
[SourceVersion "1"]
[SourceVersionDate "2023.10.10"]
[SourceQuality "1"]

1. d4 Nf6 2. c4 e6 3. Nf3 d5 4. g3 Bb4+ 5. Bd2 a5 6. Bg2 0-0 7. Qc1 Be7 8. 0-0 c6 9. Rd1 Nbd7 10. Bf4 a4 11. a3 h6 12. Qc2 Qa5 13. Nc3 dxc4 14. e4 b5 15. d5 cxd5 16. exd5 exd5 17. Nd4 Bb7 18. Nf5 Rfe8 19. Bd6 Bf8 20. Bxf8 Rxf8 21. Nxd5 Nxd5 22. Bxd5 Bxd5 23. Rxd5 Nf6 24. Rd6 Ra6 25. Rad1 Rxd6 26. Nxd6 Rd8 27. Qe2 Qa6 28. Nf5 Rxd1+ 29. Qxd1 Qe6 30. Qd8+ Kh7 31. Ne3 Ne4 32. Qd4 Ng5 33. Qc5 Qd7 34. Qd5 Qxd5 35. Nxd5 Ne6 36. Nc3 Nc7 37. f4 Kg6 38. Kf2 Kf5 39. Kf3 Ke6 40. g4 Kd6 41. Ke4 Kc5 42. Ke5 Ne8 43. Ne4+ Kc6 44. f5 Nf6 45. Nxf6 gxf6+ 46. Kxf6 b4 47. Kxf7 bxa3 48. bxa3 c3 49. f6 c2 50. Kg7 c1Q 0-1